Podporný softvér pre plánovanie opráv na výrobných zariadeniach
Na minha lista:
| Autor principal: | |
|---|---|
| Outros Autores: | |
| Formato: | Manuscrito Livro |
| Idioma: | eslovaco |
| Publicado em: |
2016
|
| Assuntos: | |
| Acesso em linha: | http://is.stuba.sk/zp/portal_zp.pl?podrobnosti=105728 |
| Tags: |
Sem tags, seja o primeiro a adicionar uma tag!
|
MARC
| LEADER | 00000ntm a22000003a 4500 | ||
|---|---|---|---|
| 001 | stuzp55329 | ||
| 003 | SK-STU | ||
| 005 | 20160719154734.5 | ||
| 007 | ta | ||
| 008 | 150427s2015----xo-----f-mn---000-0-slo-d | ||
| 040 | |a STU |b slo | ||
| 041 | 0 | |a slo | |
| 100 | 1 | |a Hlásnik, Patrik |u 066000 |4 aut |U MTF Materiálovotechnologická fakulta |T MTF Ústav aplikovanej informatiky, automatizácie a mechatroniky |X 71482 |U M6000 |Y 86 |7 71482 | |
| 242 | 0 | 1 | |a Information system for planning of repairs for manufacturing equipment |y eng |
| 245 | 1 | 0 | |a Podporný softvér pre plánovanie opráv na výrobných zariadeniach |
| 260 | |c 2016 | ||
| 650 | 4 | |a informačný systém |2 slo | |
| 650 | 4 | |a databáza |2 slo | |
| 650 | 4 | |a PHP |2 slo | |
| 650 | 4 | |a information system |2 eng | |
| 650 | 4 | |a PHP |2 eng | |
| 650 | 4 | |a database |2 eng | |
| 700 | 1 | |a Nižníková, Jana |4 ths |X 29801 |7 A000029801 | |
| 856 | 4 | |u http://is.stuba.sk/zp/portal_zp.pl?podrobnosti=105728 | |
| 996 | |c M* BP-7580 |l MMSKP |s P |a 0 |w stuzp55329_0001 | ||
| SQL | |a stuzp55329 |b DBP |c SLO |d Podporný softvér pre plánovanie opráv na výrobných zariadeniach |e 71482 |f Hlásnik, Patrik |g 066000 |h 29801 |i Nižníková, Jana |j 20160621 |k 168 |l 06 |m http://is.stuba.sk/zp/portal_zp.pl?podrobnosti=105728 |n B-AIA |o 5.2.14. automatizácia, 9.2.9. aplikovaná informatika | ||